| 000 | 01091nam2a2200205 4500 | ||
|---|---|---|---|
| 001 | RU\NLR\PER_A\010558018_000290 | ||
| 005 | 20250626120323.0 | ||
| 035 | _a(NLR Aleph) 011731048 | ||
| 090 |
_a11527395 _c11527395 |
||
| 100 | _a20180614d2018 |||y0rusy50 ca | ||
| 101 | 0 | _arus | |
| 102 | _aRU | ||
| 200 | 0 | _a2018, № 1 | |
| 210 |
_d2018 _aБ. м. |
||
| 461 | 0 |
_1001RU\NLR\Per\1088298 _12001#$aComputational nanotechnology$dВычислительные нaнотехнологии$eнаучный рецензируемый журнал$eрецензируемое научное периодическое издание$fИзд. дом "Юр-ВАК"$zrus$v2018, № 1 _910367412 _cМосква _d2014 - _fИзд. дом "Юр-ВАК" _lВычислительные нaнотехнологии _nЮр-ВАК _oнаучный рецензируемый журнал : рецензируемое научное периодическое издание _tComputational nanotechnology _x2313-223X _v2018, № 1 |
|
| 852 |
_aNLR _jП2/1116 |
||
| 942 | _cISSUE | ||
| 980 | _aNB | ||
| 980 | _aRUSPER | ||